00844 2200289 4500001002100000005001500021035002500036007000300061008004100064020002200105040001700127041000800144082001400152084001600166090002000182090002200202100003600224245007800260260003700338300003800375651003400413700002900447850001200476999002200488990002200510990002200532INLIS00000000002869020200531090902 a0010-061700000000598ta170620s2014 yoia g | ind d a978-602-8940-15-3 aYOPDYOGbind0 aind04223a959.8 a959.8 YUS t aDEP 959.8 YUS t aCB-D.11 2014-24410 aYusuf Maulanad1978-ePengarang1 aTong kosong Indonesia bunyinya /cYusuf Maulana; penyunting, Irin Hidayat3 aYogyakarta :bPro-U Media,c2014 a170 halaman :bilustrasi ;c20 cm 4aIndonesia--xKehidupan Sosial0 aIrin HidayatePenyunting aYOPDYOG aCB-D.11/2014-2441 aCB-D.11/2014-2441 aCB-D.11/2014-2441